Statistiques concernant Communes de Luxembourg

Cliquez ici pour prendre le quiz!

Statistiques générales

  • Ce quiz a été pris 61 fois
  • Le résultat moyen est 30 sur 102

Statistiques - réponses

CantonRéponse% Correct
Esch-sur-AlzetteDudelangeD
75%
Esch-sur-AlzetteEsch-sur-AlzetteE
75%
DiekirchDiekirchD
70%
LuxembourgLuxembourgL
70%
RemichRemichR
70%
Esch-sur-AlzetteDifferdangeD
65%
EchternachEchternachE
65%
MerschMerschM
65%
RedangeRedange (-sur-Attert)R
65%
ViandenViandenV
65%
GrevenmacherGrevenmacherG
60%
Esch-sur-AlzettePétangeP
60%
WiltzWiltzW
60%
LuxembourgBertrangeB
55%
Esch-sur-AlzetteBettembourgB
55%
LuxembourgHesperangeH
55%
CapellenMamerM
55%
ClervauxClervauxC
50%
Esch-sur-AlzetteSanemS
50%
RemichSchengenS
50%
LuxembourgStrassenS
50%
RedangeWahlW
50%
WiltzEsch-sur-SûreE
45%
GrevenmacherJunglinsterJ
45%
RemichMondorf-les-BainsM
45%
Esch-sur-AlzetteSchifflangeS
45%
DiekirchEttelbruckE
40%
CapellenKäerjengK
40%
CapellenKehlenK
40%
Esch-sur-AlzetteMondercangeM
40%
CapellenSteinfortS
40%
LuxembourgWalferdangeW
40%
RemichDalheimD
35%
RedangeEllE
35%
Esch-sur-AlzetteFrisangeF
35%
Esch-sur-AlzetteKaylK
35%
MerschLarochetteL
35%
LuxembourgNiederanvenN
35%
Esch-sur-AlzetteRumelangeR
35%
LuxembourgSandweilerS
35%
RedangeUseldangeU
35%
MerschBissenB
30%
LuxembourgConternC
30%
CapellenHabschtH
30%
Esch-sur-AlzetteLeudelangeL
30%
MerschLintgenL
30%
GrevenmacherMertertM
30%
RedangeRambrouchR
30%
LuxembourgSteinselS
30%
ClervauxTroisviergesT
30%
EchternachConsdorfC
25%
CapellenDippachD
25%
CapellenGarnichG
25%
MerschLorentzweilerL
25%
Esch-sur-AlzetteRoeserR
25%
LuxembourgSchuttrangeS
25%
ClervauxWeiswampachW
25%
MerschColmar-BergC
20%
MerschFischbachF
20%
RedangeGrosbousG
20%
CapellenKoerichK
20%
CapellenKopstalK
20%
RedangePréizerdaulP
20%
Esch-sur-AlzetteReckange-sur-MessR
20%
EchternachWaldbillig
W
20%
ClervauxWincrangeW
20%
GrevenmacherWormeldangeW
20%
RemichBousB
15%
MerschHelperknappH
15%
GrevenmacherManternachM
15%
RemichStadtbredimusS
15%
RedangeVichtenV
15%
LuxembourgWeiler-la-TourW
15%
EchternachBeaufortB
10%
EchternachBechB
10%
RedangeBeckerichB
10%
DiekirchBettendorfB
10%
MerschHeffingenH
10%
WiltzLac de la Haute-SûreL
10%
DiekirchMertzigM
10%
ClervauxParc HosingenH
10%
EchternachRosport-MompachR
10%
RedangeSaeulS
10%
DiekirchSchierenS
10%
RemichWaldbredimusW
10%
WiltzWinselerW
10%
EchternachBerdorfB
5%
GrevenmacherBetzdorfB
5%
WiltzBoulaideB
5%
DiekirchBourscheidB
5%
DiekirchErpeldange-sur-SûreE
5%
GrevenmacherFlaxweilerF
5%
WiltzGoesdorfG
5%
WiltzKiischpeltK
5%
RemichLenningenL
5%
MerschNommernN
5%
ViandenPutscheidP
5%
DiekirchReisdorfR
5%
ViandenTandelT
5%
DiekirchVallée de l'ErnzV
5%
GrevenmacherBiwerB
0%
DiekirchFeulenF
0%

Distribution des résultats

Percentile par nombre de réponses

% des personnes avec chaque résultat

Votre développement - résultats

Vous n’avez pas pris ce quiz